000
00269nam a2200097Ia 4500
001
644231
005
20250826153600.0
008
250824s9999 xx 000 0 und d
245
0
_a
SEKSEN GÜNDE DÜNYA TURU GENÇLİK KLASİKLERİ
_c
JULES VERNE
260
_b
TİMAŞ ÇOCUK
999
_c
644231
_d
644231